000 00692nam a22002057a 4500
005 20130613160656.0
010 _aB-505287
020 _a9788170358091
_c1500.00
035 _aB-505287
037 _bRBC/Ven
082 _a581.630954
100 _aSood, S.K.
245 _aIndian Herbs for Touch Therapy Tattooing and Adornments /
_cby S.K. Sood...at.al.
260 _aNew Delhi
_bDaya publishing house
_cc2013
270 _a81,Daryaganj
_bNew Delhi
_e110002
300 _ax,316p.
_bcol.ill.
_c26cm (Hb)
500 _aIt include index
942 _2ddc
_cEN
_mSOO
_h581.630954
999 _c74247
_d74247